<?xml version="1.0" encoding="UTF-8"?>
<record
    xmlns:xsi="http://www.w3.org/2001/XMLSchema-instance"
    xsi:schemaLocation="http://www.loc.gov/MARC21/slim http://www.loc.gov/standards/marcxml/schema/MARC21slim.xsd"
    xmlns="http://www.loc.gov/MARC21/slim">

  <leader>02558nam a2200673 i 4500</leader>
  <controlfield tag="001">nkc20213383503</controlfield>
  <controlfield tag="003">CZ PrNK</controlfield>
  <controlfield tag="005">20260428123211.0</controlfield>
  <controlfield tag="007">ta</controlfield>
  <controlfield tag="008">211215s2022    xr     e      000 jacze  </controlfield>
  <datafield tag="015" ind1=" " ind2=" ">
    <subfield code="a">cnb003383503</subfield>
  </datafield>
  <datafield tag="020" ind1=" " ind2=" ">
    <subfield code="a">978-80-242-7948-0</subfield>
    <subfield code="q">(Euromedia Group ;</subfield>
    <subfield code="q">v&#xE1;z&#xE1;no)</subfield>
  </datafield>
  <datafield tag="020" ind1=" " ind2=" ">
    <subfield code="a">978-80-88126-98-0</subfield>
    <subfield code="q">(Cesta dom&#x16F; ;</subfield>
    <subfield code="q">v&#xE1;z&#xE1;no)</subfield>
  </datafield>
  <datafield tag="035" ind1=" " ind2=" ">
    <subfield code="a">(OCoLC)1354195977</subfield>
  </datafield>
  <datafield tag="040" ind1=" " ind2=" ">
    <subfield code="a">BOA001</subfield>
    <subfield code="b">cze</subfield>
    <subfield code="d">ABA001</subfield>
    <subfield code="e">rda</subfield>
  </datafield>
  <datafield tag="041" ind1="1" ind2=" ">
    <subfield code="a">cze</subfield>
    <subfield code="h">eng</subfield>
  </datafield>
  <datafield tag="043" ind1=" " ind2=" ">
    <subfield code="a">e-uk---</subfield>
  </datafield>
  <datafield tag="045" ind1=" " ind2=" ">
    <subfield code="a">x7y2</subfield>
  </datafield>
  <datafield tag="072" ind1=" " ind2="7">
    <subfield code="a">616</subfield>
    <subfield code="x">Patologie. Klinick&#xE1; medic&#xED;na</subfield>
    <subfield code="2">Konspekt</subfield>
    <subfield code="9">14</subfield>
  </datafield>
  <datafield tag="072" ind1=" " ind2="7">
    <subfield code="a">929</subfield>
    <subfield code="x">Biografie</subfield>
    <subfield code="2">Konspekt</subfield>
    <subfield code="9">8</subfield>
  </datafield>
  <datafield tag="080" ind1=" " ind2=" ">
    <subfield code="a">616-055.2</subfield>
    <subfield code="2">MRF</subfield>
  </datafield>
  <datafield tag="080" ind1=" " ind2=" ">
    <subfield code="a">616-093.75</subfield>
    <subfield code="2">MRF</subfield>
  </datafield>
  <datafield tag="080" ind1=" " ind2=" ">
    <subfield code="a">616-036.887</subfield>
    <subfield code="2">MRF</subfield>
  </datafield>
  <datafield tag="080" ind1=" " ind2=" ">
    <subfield code="a">929</subfield>
    <subfield code="2">MRF</subfield>
  </datafield>
  <datafield tag="080" ind1=" " ind2=" ">
    <subfield code="a">(410)</subfield>
    <subfield code="2">MRF</subfield>
  </datafield>
  <datafield tag="080" ind1=" " ind2=" ">
    <subfield code="a">(0:82-322.6)</subfield>
    <subfield code="2">MRF</subfield>
  </datafield>
  <datafield tag="100" ind1="1" ind2=" ">
    <subfield code="a">Clarke, Rachel,</subfield>
    <subfield code="d">1972-</subfield>
    <subfield code="7">xx0277983</subfield>
    <subfield code="4">aut</subfield>
    <subfield code="9">20719</subfield>
  </datafield>
  <datafield tag="240" ind1="1" ind2="0">
    <subfield code="a">Dear life.</subfield>
    <subfield code="l">&#x10C;esky</subfield>
  </datafield>
  <datafield tag="245" ind1="1" ind2="0">
    <subfield code="a">Je-li ti &#x17E;ivot mil&#xFD; :</subfield>
    <subfield code="b">p&#x159;&#xED;b&#x11B;hy ze &#x17E;ivota paliativn&#xED; l&#xE9;ka&#x159;ky /</subfield>
    <subfield code="c">Rachel Clarke ; z angli&#x10D;tiny p&#x159;elo&#x17E;ila Tereza Kinovi&#x10D;ov&#xE1;</subfield>
  </datafield>
  <datafield tag="250" ind1=" " ind2=" ">
    <subfield code="a">Vyd&#xE1;n&#xED; prvn&#xED;</subfield>
  </datafield>
  <datafield tag="264" ind1=" " ind2="1">
    <subfield code="a">Praha :</subfield>
    <subfield code="b">Euromedia Group :</subfield>
    <subfield code="b">Cesta dom&#x16F;,</subfield>
    <subfield code="c">2022</subfield>
  </datafield>
  <datafield tag="300" ind1=" " ind2=" ">
    <subfield code="a">213 stran ;</subfield>
    <subfield code="c">24 cm</subfield>
  </datafield>
  <datafield tag="336" ind1=" " ind2=" ">
    <subfield code="a">text</subfield>
    <subfield code="b">txt</subfield>
    <subfield code="2">rdacontent</subfield>
  </datafield>
  <datafield tag="337" ind1=" " ind2=" ">
    <subfield code="a">bez m&#xE9;dia</subfield>
    <subfield code="b">n</subfield>
    <subfield code="2">rdamedia</subfield>
  </datafield>
  <datafield tag="338" ind1=" " ind2=" ">
    <subfield code="a">svazek</subfield>
    <subfield code="b">nc</subfield>
    <subfield code="2">rdacarrier</subfield>
  </datafield>
  <datafield tag="490" ind1="1" ind2=" ">
    <subfield code="a">Esence</subfield>
  </datafield>
  <datafield tag="504" ind1=" " ind2=" ">
    <subfield code="a">Obsahuje bibliografick&#xE9; odkazy</subfield>
  </datafield>
  <datafield tag="600" ind1="1" ind2="7">
    <subfield code="a">Clarke, Rachel,</subfield>
    <subfield code="d">1972-</subfield>
    <subfield code="7">xx0277983</subfield>
    <subfield code="2">czenas</subfield>
    <subfield code="9">20720</subfield>
  </datafield>
  <datafield tag="648" ind1=" " ind2="7">
    <subfield code="a">20.-21. stolet&#xED;</subfield>
    <subfield code="7">ch462155</subfield>
    <subfield code="2">czenas</subfield>
    <subfield code="9">117</subfield>
  </datafield>
  <datafield tag="650" ind1="0" ind2="7">
    <subfield code="a">l&#xE9;ka&#x159;ky</subfield>
    <subfield code="7">ph137964</subfield>
    <subfield code="z">Velk&#xE1; Brit&#xE1;nie</subfield>
    <subfield code="y">20.-21. stolet&#xED;</subfield>
    <subfield code="2">czenas</subfield>
    <subfield code="9">20721</subfield>
  </datafield>
  <datafield tag="650" ind1="0" ind2="7">
    <subfield code="a">paliativn&#xED; medic&#xED;na</subfield>
    <subfield code="7">ph870943</subfield>
    <subfield code="z">Velk&#xE1; Brit&#xE1;nie</subfield>
    <subfield code="2">czenas</subfield>
    <subfield code="9">20722</subfield>
  </datafield>
  <datafield tag="650" ind1="0" ind2="7">
    <subfield code="a">paliativn&#xED; p&#xE9;&#x10D;e</subfield>
    <subfield code="7">ph123911</subfield>
    <subfield code="z">Velk&#xE1; Brit&#xE1;nie</subfield>
    <subfield code="2">czenas</subfield>
    <subfield code="9">20723</subfield>
  </datafield>
  <datafield tag="650" ind1="0" ind2="7">
    <subfield code="a">um&#xED;r&#xE1;n&#xED;</subfield>
    <subfield code="7">ph126927</subfield>
    <subfield code="2">czenas</subfield>
    <subfield code="9">10024</subfield>
  </datafield>
  <datafield tag="650" ind1="0" ind2="9">
    <subfield code="a">women physicians</subfield>
    <subfield code="z">Great Britain</subfield>
    <subfield code="y">20th-21st centuries</subfield>
    <subfield code="2">eczenas</subfield>
    <subfield code="9">20724</subfield>
  </datafield>
  <datafield tag="650" ind1="0" ind2="9">
    <subfield code="a">palliative medicine</subfield>
    <subfield code="z">Great Britain</subfield>
    <subfield code="2">eczenas</subfield>
    <subfield code="9">20725</subfield>
  </datafield>
  <datafield tag="650" ind1="0" ind2="9">
    <subfield code="a">palliative care</subfield>
    <subfield code="z">Great Britain</subfield>
    <subfield code="2">eczenas</subfield>
    <subfield code="9">20726</subfield>
  </datafield>
  <datafield tag="650" ind1="0" ind2="9">
    <subfield code="a">dying</subfield>
    <subfield code="2">eczenas</subfield>
    <subfield code="9">10031</subfield>
  </datafield>
  <datafield tag="655" ind1=" " ind2="7">
    <subfield code="a">autobiografick&#xE9; p&#x159;&#xED;b&#x11B;hy</subfield>
    <subfield code="7">fd131891</subfield>
    <subfield code="2">czenas</subfield>
    <subfield code="9">120</subfield>
  </datafield>
  <datafield tag="655" ind1=" " ind2="9">
    <subfield code="a">autobiographical stories</subfield>
    <subfield code="2">eczenas</subfield>
    <subfield code="9">122</subfield>
  </datafield>
  <datafield tag="700" ind1="1" ind2=" ">
    <subfield code="a">Kinovi&#x10D;ov&#xE1;, Tereza,</subfield>
    <subfield code="d">1973-</subfield>
    <subfield code="7">xx0277964</subfield>
    <subfield code="4">trl</subfield>
    <subfield code="9">20727</subfield>
  </datafield>
  <datafield tag="830" ind1=" " ind2="0">
    <subfield code="a">Esence</subfield>
    <subfield code="9">20728</subfield>
  </datafield>
  <datafield tag="856" ind1="4" ind2="1">
    <subfield code="u">https://ndk.cz/uuid/uuid:1c3cd840-0ee3-11f0-bbbc-005056827e51</subfield>
    <subfield code="y">Digitalizovan&#xFD; dokument</subfield>
  </datafield>
  <datafield tag="901" ind1=" " ind2=" ">
    <subfield code="b">9788024279480</subfield>
    <subfield code="f">1. vyd&#xE1;n&#xED;</subfield>
    <subfield code="o">20221129</subfield>
  </datafield>
  <datafield tag="998" ind1=" " ind2=" ">
    <subfield code="a">003383503</subfield>
  </datafield>
  <datafield tag="910" ind1=" " ind2=" ">
    <subfield code="a">ABG508</subfield>
  </datafield>
  <datafield tag="044" ind1=" " ind2=" ">
    <subfield code="a">xr</subfield>
  </datafield>
  <datafield tag="993" ind1=" " ind2=" ">
    <subfield code="a">99.00</subfield>
    <subfield code="h">359.00</subfield>
    <subfield code="i">Team Business</subfield>
    <subfield code="d">2026-04-28</subfield>
    <subfield code="x">1076363</subfield>
  </datafield>
  <datafield tag="999" ind1=" " ind2=" ">
    <subfield code="c">34225</subfield>
    <subfield code="d">34225</subfield>
  </datafield>
</record>
